Bcomp

Saved in:
Bibliographic Details
Main Author: Kotún, Peter (Author)
Other Authors: Antony, Tibor (Thesis advisor)
Format: Manuscript Book
Language:Slovak
Published: 2025
Subjects:
Online Access:http://is.stuba.sk/zp/portal_zp.pl?podrobnosti=185298
Tags: Add Tag
No Tags, Be the first to tag this record!

MARC

LEADER 00000ntm a22000003a 4500
001 stuzp105203
003 SK-STU
005 20250607211302.4
007 ta
008 150427s2015----xo-----f-mn---000-0-slo-d
040 |a STU  |b slo 
041 0 |a slo 
100 1 |a Kotún, Peter  |u 059190  |4 aut  |U FAD Fakulta architektúry a dizajnu  |T FAD Ústav dizajnu  |X 103784  |U A9190  |Y 400  |7 103784 
242 0 1 |a Bcomp  |y eng 
245 1 0 |a Bcomp 
260 |c 2025 
650 4 |a off-road environment  |2 eng 
650 4 |a mini-caravan  |2 eng 
650 4 |a sustainability  |2 eng 
650 4 |a functionality  |2 eng 
650 4 |a Robustness  |2 eng 
650 4 |a camping  |2 eng 
650 4 |a ecological composite material  |2 eng 
650 4 |a off-road prostredie  |2 slo 
650 4 |a ekologický kompozitný materiál  |2 slo 
650 4 |a kemping  |2 slo 
650 4 |a minikaravan  |2 slo 
650 4 |a udržateľnosť  |2 slo 
650 4 |a funkčnosť  |2 slo 
650 4 |a robustnosť  |2 slo 
700 1 |a Antony, Tibor  |u 059190  |k Z8  |4 ths  |U FAD Fakulta architektúry a dizajnu  |T FAD Ústav dizajnu  |X 15543  |U A9190  |Y 400  |7 A000015543 
856 4 |u http://is.stuba.sk/zp/portal_zp.pl?podrobnosti=185298